000 00557nmm a2200193Ia 4500
008 251105s9999||||xx |||||||||||||||||und||
020 _a9788433978691
041 _aspa
100 _aRovira Faixa, Francesc
245 0 _aEl libro de los vicios
264 _a[Madrid, España] :
_bEditorial Anagrama,
_c2013
300 _a168 páginas
490 _aPanorama de narrativas
650 _aOther narratives
700 _aRovira Faixa, Francesc
700 1 _a Soboczynski, Adam
856 _uhttps://public.digitaliapublishing.com/a/32503
942 _cCF
999 _c70793
_d70793